000 01667nam0a2200373 4500
001 RU\NLR\bibl\168850
005 20260409063650.0
010 _a5-89123-492-0
_910000
021 _aRU
_b2001-15640
_9728
035 _a(NLR Aleph) 000165653
090 _a953556
_c953556
100 _a20010629d2001 |||y0rusy50 ca
101 0 _arus
102 _aRU
105 _ay |||||||||
200 1 _aНалоговый кодекс Российской Федерации
_eЧ. 1 и 2
_eОфиц. текст по состоянию на 1 февр. 2001 г.
_f[Вступ. ст. к.ю.н. Н.Н. Захаровой]
210 _aМ.
_cНорма
_cИНФРА-М
_d2001
215 _a252 с.
_d20
604 _171001$aРоссийская Федерация
_150011$aНалоговый кодекс$2nlr_sh2$3RU\NLR\AUTH\661258879
_aРоссийская Федерация
_tНалоговый кодекс
_92082842
_3RU\NLR\AUTH\661258879
606 0 _aНалоговый кодекс
_yРоссийская Федерация
_92082840
_3RU\NLR\auth\661258877
610 0 _aНалоговый кодекс Российской Федерации
610 0 _aРоссийская Федерация, финансы
675 _a336.221.26(470)(094.4)
_v3
_zrus
686 _a06.75
_2rugasnti
686 _a67.402
_2rubbk
686 _aХ622.2-324.9(2Р)
740 1 _aРоссийская Федерация
_tЗаконы
_iНалоговый кодекс
_3RU\NLR\AUTH\880379485
_9425359
801 0 _aRU
_bRKP
_c20010629
_gPSBO
801 1 _aRU
_bRKP
_c20010629
801 2 _aRU
_bNLR
_c20090516
_grcr
942 _cBOOK
980 _aNB